| 000 | 01001pam a2200289 a 4500 | ||
|---|---|---|---|
| 999 |
_c233660 _d233660 |
||
| 001 | 4415535 | ||
| 003 | Nust | ||
| 005 | 20170309152952.0 | ||
| 008 | 930810s1993 mnu 000 1 eng | ||
| 010 | _a 93027523 | ||
| 020 | _a9789699473357 | ||
| 040 |
_aDLC _cDLC _dOCoLC _dDLC |
||
| 043 | _an-us--- | ||
| 050 | 0 | 0 |
_aPR9540.9.S53 _bA82 1993 |
| 082 | 0 | 0 |
_a823 _bSID |
| 100 | 1 | _aSidhwa, Bapsi. | |
| 245 | 1 | 3 |
_aAn American brat / _cBapsi Sidhwa. |
| 250 | _a1st ed. | ||
| 260 |
_aMinneapolis : _bMilkweed Editions, _c1993. |
||
| 300 |
_a312 p. ; _c23 cm. |
||
| 650 | 0 |
_aPakistani Americans _vFiction. |
|
| 650 | 0 |
_aTeenage girls _vFiction. |
|
| 650 | 0 | _aPakistani American teenage girls | |
| 655 | 7 |
_aDomestic fiction. _2lcsh |
|
| 906 |
_a7 _bcbc _corignew _d1 _eocip _f19 _gy-gencatlg |
||
| 942 |
_2ddc _cBK |
||